000 00755nam a2200193 i 4500
001 182764
003 ES-MaACL
005 20250629063151.0
008 131030s1982 ck |||| | spa d
100 0 _aLeón Rey, José Antonio.
_971639
_eaut
245 1 0 _aPregón con motivo del aniversario 490 de las Capitulaciones de Santa Fe de Granada :
_bfirmadas por los Reyes Católicos con Colón el 17 de abril de 1492 /
_cJosé Antonio León Rey.
260 _aBogotá :
_bKelly,
_c1982.
300 _a11 páginas ;
_c24 cm.
630 0 4 _aCapitulaciones de Santa Fe.
_9153754
852 _aES-MaACL
_cDEPOF
_hDonat. Herederos de José Prat
_j2327-F-30
942 _2udc
_cFOLLETOS
_n0
999 _c182764
_d182764